Music Quiz

Random Music Quiz
Score 0/22 Timer 04:00
0 Plays Today
% Correct
Mohanam
90.8%
Kambodhi
67.7%
Hamsanadam
58.5%
Todi
56.9%
Ananda Bhairavi
55.4%
Hamsadhvani
55.4%
Purna Chandrika
52.3%
Riti Gowla
49.2%
Kamalamanohari
46.2%
Latangi
38.5%
Suddha Dhanyasi
32.3%
% Correct
Nadanamakriya
30.8%
Purvi Kalyani
30.8%
Begada
29.2%
Karaharapriya
26.2%
Ahiri
24.6%
Mukhari
23.1%
Kiranavali
16.9%
Vijayasri
16.9%
Yadukula Kambodhi
16.9%
Bhusavali
6.2%
Nattakurinji
6.2%
Remove Ads.
Support Sporcle.
Get the best of Sporcle when you Go Orange. This ad-free experience offers more features, more stats, and more fun while also helping to support Sporcle. Thank you for becoming a member.

You're not logged in!

Compare scores with friends on all Sporcle quizzes.
OR
Log In

Show Comments

Extras

Created Sep 26, 2009ReportNominate

Top Quizzes Today


Score Distribution

Your Account Isn't Verified!

In order to create a playlist on Sporcle, you need to verify the email address you used during registration. Go to your Sporcle Settings to finish the process.

Report this User

Report this user for behavior that violates our Community Guidelines.

Details: